[Event "Saint Denis op"]
[Site "Saint Denis"]
[Date "2022.10.13"]
[Round "7"]
[White "Frelicot, Eric"]
[Black "Lebihan, Mahe"]
[Result "1/2-1/2"]
[WhiteElo "1560"]
[BlackElo "1199"]
[PlyCount "46"]
[EventDate "2022.10.13"]
[EventType "swiss"]
[EventRounds "9"]
[EventCountry "RUF"]
[SourceTitle "EXT 2024"]
[Source "ChessBase"]
[SourceDate "2023.10.10"]
[SourceVersion "1"]
[SourceVersionDate "2023.10.10"]
[SourceQuality "1"]

1. d4 d5 2. Bf4 Bf5 3. e3 e6 4. c4 Nf6 5. Nc3 Nh5 6. Bg3 Nxg3 7. hxg3 c5 8. Nf3 h6 9. Qb3 Qb6 10. Qxb6 axb6 11. cxd5 cxd4 12. Bb5+ Nd7 13. exd4 Bb4 14. Ne5 exd5 15. 0-0 Bxc3 16. bxc3 f6 17. g4 fxe5 18. gxf5 e4 19. f3 0-0-0 20. fxe4 dxe4 21. Rae1 Nf6 22. Bc4 Rd6 23. Rb1 Kc7 1/2-1/2

[Event "Saint Denis op"]
[Site "Saint Denis"]
[Date "2022.10.13"]
[Round "5"]
[White "Frelicot, Eric"]
[Black "Sawmynaden, Righen Peroumal"]
[Result "1-0"]
[WhiteElo "1560"]
[BlackElo "1743"]
[PlyCount "67"]
[EventDate "2022.10.13"]
[EventType "swiss"]
[EventRounds "9"]
[EventCountry "RUF"]
[SourceTitle "EXT 2024"]
[Source "ChessBase"]
[SourceDate "2023.10.10"]
[SourceVersion "1"]
[SourceVersionDate "2023.10.10"]
[SourceQuality "1"]

1. d4 Nf6 2. Nf3 d6 3. Nc3 Nbd7 4. e4 e5 5. d5 a6 6. a4 Nc5 7. Bd3 Be7 8. b4 Nxd3+ 9. Qxd3 a5 10. b5 Nd7 11. Be3 b6 12. 0-0 0-0 13. Ne2 f5 14. exf5 e4 15. Qxe4 Nf6 16. Qd3 Ng4 17. Ned4 Bf6 18. Rae1 Ne5 19. Nxe5 dxe5 20. Ne6 Bxe6 21. fxe6 Qd6 22. Qe4 Rad8 23. c4 Qb4 24. Ra1 Be7 25. Rfb1 Qc3 26. Rc1 Qb2 27. Qc2 Qxc2 28. Rxc2 Rf5 29. Rd1 h5 30. c5 e4 31. d6 cxd6 32. cxd6 Bxd6 33. Rcd2 Rff8 34. Rxd6 1-0

[Event "St Denis op 21st"]
[Site "St Denis"]
[Date "2019.10.20"]
[Round "7"]
[White "Evrin, Selvam"]
[Black "Frelicot, Eric"]
[Result "1-0"]
[WhiteElo "1788"]
[BlackElo "1609"]
[PlyCount "71"]
[EventDate "2019.10.20"]
[EventType "swiss"]
[EventRounds "9"]
[EventCountry "RUF"]
[SourceTitle "EXT 2021"]
[Source "ChessBase"]
[SourceDate "2020.10.23"]
[SourceVersion "1"]
[SourceVersionDate "2020.10.23"]
[SourceQuality "1"]

1. e4 g6 2. h4 d6 3. Nc3 Nf6 4. d4 Bg7 5. Bc4 Nc6 6. f3 Bd7 7. Be3 a6 8. Nh3 b5 9. Bb3 Na5 10. e5 Nxb3 11. axb3 Ng8 12. f4 e6 13. Nf2 Ne7 14. g4 b4 15. Nce4 Nd5 16. Bd2 Bc6 17. h5 h6 18. hxg6 fxg6 19. Qf3 Kd7 20. Nd3 a5 21. Qe2 Qe7 22. 0-0-0 a4 23. Nxb4 axb3 24. cxb3 Ra1+ 25. Kc2 Rxd1 26. Rxd1 Nxb4+ 27. Bxb4 Bxe4+ 28. Qxe4 Rb8 29. d5 exd5 30. Rxd5 Rb6 31. Bc3 Qf7 32. f5 gxf5 33. gxf5 Kd8 34. f6 Bf8 35. e6 Qe8 36. Rxd6+ 1-0

[Event "St Denis op 21st"]
[Site "St Denis"]
[Date "2019.10.20"]
[Round "8"]
[White "Frelicot, Eric"]
[Black "Grondin, Marine"]
[Result "1-0"]
[WhiteElo "1609"]
[BlackElo "1478"]
[PlyCount "107"]
[EventDate "2019.10.20"]
[EventType "swiss"]
[EventRounds "9"]
[EventCountry "RUF"]
[SourceTitle "CBM 192 Extra"]
[Source "Chessbase"]
[SourceDate "2019.11.06"]
[SourceVersion "1"]
[SourceVersionDate "2019.11.06"]
[SourceQuality "1"]

1. c4 e6 2. Nf3 Nf6 3. a3 d5 4. cxd5 exd5 5. d4 Bd6 6. Bg5 Be6 7. e3 Nbd7 8. Nc3 c6 9. Bd3 0-0 10. 0-0 h6 11. Bh4 Bg4 12. h3 Bh5 13. Be2 Bg6 14. Bd3 Bxd3 15. Qxd3 a6 16. Rac1 Nb6 17. e4 dxe4 18. Nxe4 Be7 19. Nc5 Bxc5 20. Rxc5 Qd6 21. Bg3 Qd8 22. Bh4 Qd6 23. Rf5 Nfd5 24. Bg3 Qd8 25. Bh4 Qd6 26. Ne5 Ne7 27. Bxe7 Qxe7 28. Ng4 Rad8 29. Qb3 Nd5 30. Re5 Qc7 31. Rfe1 Rd7 32. Qg3 Rd6 33. f4 Qb6 34. Qf2 Nc7 35. R1e4 Ne6 36. f5 Nxd4 37. Kh2 Qd8 38. f6 Nb5 39. fxg7 Kxg7 40. Qg3 Rg6 41. h4 Nc7 42. Re7 Ne6 43. Qe5+ Kh7 44. Nf6+ Rxf6 45. Qxf6 Qd6+ 46. Re5 b5 47. Qxe6 Qxe6 48. R5xe6 Kg8 49. Rxc6 Ra8 50. Rxh6 Kg7 51. Rb6 Kf8 52. Rbb7 Kg8 53. Rxf7 Kh8 54. g4 1-0

[Event "St Denis op 21st"]
[Site "St Denis"]
[Date "2019.10.20"]
[Round "2"]
[White "Frelicot, Eric"]
[Black "Hamon, Christian"]
[Result "0-1"]
[WhiteElo "1609"]
[BlackElo "2001"]
[PlyCount "78"]
[EventDate "2019.10.20"]
[EventType "swiss"]
[EventRounds "9"]
[EventCountry "RUF"]
[SourceTitle "CBM 192 Extra"]
[Source "Chessbase"]
[SourceDate "2019.11.06"]
[SourceVersion "1"]
[SourceVersionDate "2019.11.06"]
[SourceQuality "1"]

1. c4 Nf6 2. Nc3 g6 3. d4 d5 4. cxd5 Nxd5 5. Nxd5 Qxd5 6. Nf3 Bg7 7. e3 0-0 8. Be2 c5 9. 0-0 Nc6 10. dxc5 Qxc5 11. e4 Rd8 12. Qa4 Be6 13. Be3 Qa5 14. Qxa5 Nxa5 15. e5 Nc6 16. b3 Nxe5 17. Nxe5 Bxe5 18. Rad1 b6 19. Rxd8+ Rxd8 20. Rc1 Rc8 21. Rxc8+ Bxc8 22. a4 Bc3 23. Bc4 Kf8 24. Kf1 Bb7 25. f3 Bb4 26. Ke2 e5 27. Bd2 Bxd2 28. Kxd2 Ke7 29. Kc3 f5 30. b4 Kd6 31. Bg8 Ke7 32. Kc4 h6 33. Bd5 Ba6+ 34. b5 Bc8 35. Bc6 Be6+ 36. Kb4 g5 37. a5 Kd6 38. axb6 axb6 39. g3 Bd5 0-1

[Event "St Denis op 21st"]
[Site "St Denis"]
[Date "2019.10.20"]
[Round "6"]
[White "Frelicot, Eric"]
[Black "Weber, Richard"]
[Result "1-0"]
[WhiteElo "1609"]
[BlackElo "1486"]
[PlyCount "67"]
[EventDate "2019.10.20"]
[EventType "swiss"]
[EventRounds "9"]
[EventCountry "RUF"]
[SourceTitle "CBM 192 Extra"]
[Source "Chessbase"]
[SourceDate "2019.11.06"]
[SourceVersion "1"]
[SourceVersionDate "2019.11.06"]
[SourceQuality "1"]

1. d4 e6 2. e4 Ne7 3. Bd3 d6 4. Nf3 h6 5. Nc3 Nbc6 6. Be3 Nb4 7. 0-0 Nxd3 8. Qxd3 Ng6 9. Ne2 Be7 10. Rad1 Nh4 11. Bf4 Nxf3+ 12. Qxf3 Bd7 13. c4 Bg5 14. Bg3 0-0 15. e5 Bc6 16. Qc3 d5 17. c5 Bb5 18. Rfe1 Bxe2 19. Rxe2 c6 20. Rd3 Qd7 21. f4 Bd8 22. Be1 g6 23. Rh3 Kg7 24. Qe3 a5 25. f5 Bg5 26. f6+ Kg8 27. Qd3 h5 28. Bd2 Bxd2 29. Qxd2 Kh7 30. Qg5 Rh8 31. Rxh5+ Kg8 32. Rxh8+ Kxh8 33. Qh6+ Kg8 34. Qg7# 1-0

[Event "Reunion op 19th"]
[Site "St Denis"]
[Date "2017.10.17"]
[Round "3"]
[White "Frelicot, Eric"]
[Black "Testud, Philippe"]
[Result "0-1"]
[WhiteElo "1680"]
[BlackElo "2167"]
[PlyCount "90"]
[EventDate "2017.10.16"]
[EventType "swiss"]
[EventRounds "7"]
[EventCountry "RUF"]
[SourceTitle "CBM 181 Extra"]
[Source "ChessBase"]
[SourceDate "2017.12.12"]
[SourceVersion "1"]
[SourceVersionDate "2017.12.12"]
[SourceQuality "1"]

1. c4 e6 2. Nc3 d5 3. cxd5 exd5 4. d4 c6 5. Nf3 Bf5 6. e3 Nf6 7. Bd3 Bxd3 8. Qxd3 Nbd7 9. 0-0 Bd6 10. e4 dxe4 11. Nxe4 Be7 12. Nxf6+ Nxf6 13. Re1 0-0 14. Be3 Re8 15. a3 Qd5 16. Rac1 Bd6 17. Qc4 Qxc4 18. Rxc4 Nd5 19. b4 a5 20. Bd2 Rxe1+ 21. Nxe1 axb4 22. axb4 Ra4 23. Kf1 Nb6 24. Rc3 Bxb4 25. Re3 Kf8 26. Bxb4+ Rxb4 27. Nf3 f6 28. Ke2 Nd5 29. Ra3 Nf4+ 30. Ke3 Nxg2+ 31. Ke4 g5 32. Kf5 Kf7 33. Ra8 Rb5+ 34. Kg4 Nf4 35. h4 h5+ 36. Kg3 Ne2+ 37. Kg2 g4 38. Nd2 Nxd4 39. Ne4 Nf5 40. Kh2 Re5 41. Ng3 Nxg3 42. Kxg3 b5 43. Kf4 b4 44. Rb8 Rb5 45. Rc8 b3 0-1

[Event "Reunion op 18th"]
[Site "St Denis"]
[Date "2016.10.14"]
[Round "7"]
[White "Frelicot, Eric"]
[Black "Cochard, Franck Olivier"]
[Result "1-0"]
[WhiteElo "1749"]
[BlackElo "1588"]
[PlyCount "55"]
[EventDate "2016.10.10"]
[EventType "swiss"]
[EventRounds "7"]
[EventCountry "RUF"]
[SourceTitle "CBM 175 Extra"]
[Source "ChessBase"]
[SourceDate "2016.12.12"]
[SourceVersion "1"]
[SourceVersionDate "2016.12.12"]
[SourceQuality "1"]

1. c4 c5 2. Nc3 Nf6 3. Nf3 g6 4. g3 Nc6 5. Bg2 Bg7 6. 0-0 0-0 7. a3 d6 8. Rb1 Bf5 9. d3 Nd7 10. e4 Bg4 11. h3 Bxf3 12. Bxf3 Nd4 13. Bg2 Re8 14. Be3 Nb8 15. Ne2 Nbc6 16. b4 Nxe2+ 17. Qxe2 cxb4 18. axb4 Qc7 19. Qd2 Ne5 20. f4 Nd7 21. Rfc1 Rec8 22. d4 e6 23. c5 dxc5 24. bxc5 Rcb8 25. Qa2 Nf8 26. Rb3 a6 27. Rcb1 Ra7 28. Qb2 1-0

[Event "Reunion op 18th"]
[Site "St Denis"]
[Date "2016.10.11"]
[Round "2"]
[White "Frelicot, Eric"]
[Black "Mercadal, Theo"]
[Result "1/2-1/2"]
[WhiteElo "1749"]
[BlackElo "1513"]
[PlyCount "73"]
[EventDate "2016.10.10"]
[EventType "swiss"]
[EventRounds "7"]
[EventCountry "RUF"]
[SourceTitle "CBM 175 Extra"]
[Source "ChessBase"]
[SourceDate "2016.12.12"]
[SourceVersion "1"]
[SourceVersionDate "2016.12.12"]
[SourceQuality "1"]

1. c4 c5 2. Nc3 Nc6 3. g3 g6 4. Bg2 Bg7 5. Nf3 e6 6. d4 cxd4 7. Nb5 d6 8. Nbxd4 Nge7 9. 0-0 0-0 10. e4 d5 11. exd5 exd5 12. Nxc6 bxc6 13. cxd5 cxd5 14. Nd4 h6 15. Be3 Be6 16. Qd2 Kh7 17. Rac1 a6 18. Rc3 Qd7 19. Rfc1 Rfc8 20. Rxc8 Rxc8 21. Rxc8 Qxc8 22. Nxe6 fxe6 23. Bh3 Qc6 24. b3 e5 25. Qc1 Qxc1+ 26. Bxc1 e4 27. Bf1 Nc6 28. Bxa6 Nb4 29. Bb7 Nxa2 30. Bd2 Bc3 31. Bxc3 Nxc3 32. Kf1 Kg7 33. b4 Kf6 34. b5 Ke5 35. Bc6 Na4 36. Ke2 d4 37. f4+ 1/2-1/2

[Event "Reunion op 18th"]
[Site "St Denis"]
[Date "2016.10.10"]
[Round "1"]
[White "Dazin, Nathan"]
[Black "Frelicot, Eric"]
[Result "0-1"]
[WhiteElo "1229"]
[BlackElo "1749"]
[PlyCount "70"]
[EventDate "2016.10.10"]
[EventType "swiss"]
[EventRounds "7"]
[EventCountry "RUF"]
[SourceTitle "CBM 175 Extra"]
[Source "ChessBase"]
[SourceDate "2016.12.12"]
[SourceVersion "1"]
[SourceVersionDate "2016.12.12"]
[SourceQuality "1"]

1. e4 c6 2. Nc3 d5 3. Nf3 dxe4 4. Nxe4 Bf5 5. Nc3 e6 6. a3 Nf6 7. h3 Bd6 8. Bc4 0-0 9. 0-0 Nbd7 10. Re1 b5 11. Bb3 a5 12. d3 Qc7 13. Ne4 Bxe4 14. dxe4 Rad8 15. Ng5 Nc5 16. Qf3 h6 17. Ba2 hxg5 18. Bxg5 Be5 19. c3 Rd3 20. Be3 Na4 21. Bb1 Rxe3 22. Qxe3 Nxb2 23. Qe2 Na4 24. f4 Bxc3 25. e5 Bxa1 26. exf6 Bxf6 27. Qd1 g6 28. g3 Nc3 29. Qf3 Nxb1 30. Rxb1 Rd8 31. h4 Rd5 32. g4 Bxh4 33. g5 Qd6 34. Qg4 Qc5+ 35. Kg2 Qc2+ 0-1

[Event "Reunion op 17th"]
[Site "St Denis"]
[Date "2015.10.10"]
[Round "4"]
[White "Cochard, Franck Olivier"]
[Black "Frelicot, Eric"]
[Result "1/2-1/2"]
[WhiteElo "1646"]
[BlackElo "1787"]
[PlyCount "40"]
[EventDate "2015.10.10"]
[EventType "swiss"]
[EventRounds "9"]
[EventCountry "RUF"]
[SourceTitle "CBM 168 Extra"]
[Source "ChessBase"]
[SourceDate "2015.10.29"]
[SourceVersion "1"]
[SourceVersionDate "2015.10.29"]
[SourceQuality "1"]

1. Nf3 d5 2. c4 d4 3. b4 c5 4. Bb2 Nf6 5. bxc5 Nc6 6. g3 e5 7. d3 Bxc5 8. Bg2 0-0 9. 0-0 Bg4 10. Nbd2 Qc8 11. Re1 Bh3 12. Bh1 Rb8 13. Ng5 Bg4 14. Nge4 Nxe4 15. Nxe4 Bb4 16. Nd2 Re8 17. a3 Ba5 18. Qc2 Ne7 19. e3 Nf5 20. exd4 exd4 1/2-1/2

[Event "Reunion op 17th"]
[Site "St Denis"]
[Date "2015.10.10"]
[Round "7"]
[White "Frelicot, Eric"]
[Black "Horny, Guenter"]
[Result "0-1"]
[WhiteElo "1787"]
[BlackElo "1878"]
[PlyCount "96"]
[EventDate "2015.10.10"]
[EventType "swiss"]
[EventRounds "9"]
[EventCountry "RUF"]
[SourceTitle "CBM 168 Extra"]
[Source "ChessBase"]
[SourceDate "2015.10.29"]
[SourceVersion "1"]
[SourceVersionDate "2015.10.29"]
[SourceQuality "1"]

1. c4 Nf6 2. Nc3 g6 3. g3 Bg7 4. Bg2 d6 5. Nf3 c6 6. 0-0 0-0 7. Rb1 a5 8. a3 e5 9. d3 Na6 10. b4 Rb8 11. Bg5 Be6 12. Ne4 axb4 13. axb4 d5 14. Nxf6+ Bxf6 15. Bxf6 Qxf6 16. b5 cxb5 17. cxb5 Nc7 18. Qd2 e4 19. Qg5 Qg7 20. dxe4 dxe4 21. Nd2 f5 22. Rfc1 Nd5 23. Nb3 Nc3 24. Nc5 Nxb1 25. Nxe6 Qf6 26. Qe3 Qxe6 27. Rxb1 Rfd8 28. h4 Qa2 29. Rc1 Qd2 30. Qb3+ Qd5 31. Qb2 Rbc8 32. Rxc8 Rxc8 33. h5 gxh5 34. Qf6 Qf7 35. Qg5+ Kf8 36. Bh3 Ke8 37. Qf4 Qf6 38. b6 Kf7 39. Qd2 Rd8 40. Qa2+ Qe6 41. Qa5 e3 42. f3 Rd5 43. Qa8 Qxb6 44. Qh8 Qg6 45. g4 fxg4 46. fxg4 hxg4 47. Bf1 Qf6 48. Qb8 Qf2+ 0-1

[Event "Reunion op 17th"]
[Site "St Denis"]
[Date "2015.10.10"]
[Round "1"]
[White "Frelicot, Eric"]
[Black "Romain, Juliane"]
[Result "1-0"]
[WhiteElo "1787"]
[BlackElo "1364"]
[PlyCount "73"]
[EventDate "2015.10.10"]
[EventType "swiss"]
[EventRounds "9"]
[EventCountry "RUF"]
[SourceTitle "CBM 168 Extra"]
[Source "ChessBase"]
[SourceDate "2015.10.29"]
[SourceVersion "1"]
[SourceVersionDate "2015.10.29"]
[SourceQuality "1"]

1. c4 e5 2. Nc3 Nf6 3. Nf3 Nc6 4. g3 Bc5 5. Bg2 0-0 6. 0-0 d6 7. Na4 Bd4 8. e3 Bb6 9. Nxb6 axb6 10. d4 Bg4 11. h3 Bd7 12. b3 Qc8 13. Kh2 exd4 14. Nxd4 Ne5 15. Bb2 Re8 16. Nf3 Bc6 17. Nxe5 Bxg2 18. Kxg2 dxe5 19. Qf3 c5 20. Rfd1 Qc7 21. a3 Rad8 22. Rxd8 Rxd8 23. Rd1 Nd7 24. Qd5 Qc6 25. Qxc6 bxc6 26. Bxe5 Kf8 27. Bb2 f6 28. Rd6 Ke7 29. Rxc6 Rb8 30. b4 h6 31. f4 g6 32. Kf3 h5 33. g4 hxg4+ 34. hxg4 Rh8 35. Kg3 Rh1 36. g5 fxg5 37. fxg5 1-0

[Event "Reunion op 17th"]
[Site "St Denis"]
[Date "2015.10.10"]
[Round "8"]
[White "Gaudissard, Dominique"]
[Black "Frelicot, Eric"]
[Result "1/2-1/2"]
[WhiteElo "1723"]
[BlackElo "1787"]
[PlyCount "119"]
[EventDate "2015.10.10"]
[EventType "swiss"]
[EventRounds "9"]
[EventCountry "RUF"]
[SourceTitle "CBM 168 Extra"]
[Source "ChessBase"]
[SourceDate "2015.10.29"]
[SourceVersion "1"]
[SourceVersionDate "2015.10.29"]
[SourceQuality "1"]

1. e4 c6 2. d4 d5 3. Nc3 dxe4 4. Nxe4 Bf5 5. Ng3 Bg6 6. h4 h6 7. h5 Bh7 8. Nf3 Nd7 9. Bd3 Bxd3 10. Qxd3 e6 11. Bd2 Ngf6 12. 0-0-0 Be7 13. Qe2 0-0 14. Ne5 c5 15. dxc5 Nxe5 16. Qxe5 Nd5 17. Ne4 Qc7 18. Qxc7 Nxc7 19. Kb1 f5 20. Nd6 b6 21. cxb6 axb6 22. Nc4 b5 23. Nb6 Ra6 24. Be3 f4 25. Nd7 Rfa8 26. Bc5 Rxa2 27. c3 Bxc5 28. Nxc5 Kh7 29. Rhe1 b4 30. c4 R2a5 31. Nd3 b3 32. Kc1 Rd8 33. Re4 Ra1+ 34. Kd2 Rxd1+ 35. Kxd1 Rxd3+ 36. Ke2 Rd6 37. Rxf4 Na6 38. Rf7 Nc5 39. Rc7 Na4 40. Rb7 Nxb2 41. Rxb3 Nxc4 42. g4 Ne5 43. Rg3 Nf7 44. Re3 g6 45. f4 gxh5 46. gxh5 Ra6 47. Rd3 Ra5 48. Re3 Rxh5 49. Rxe6 Rf5 50. Ke3 h5 51. Ke4 Ra5 52. Kf3 Rf5 53. Kg3 Nh6 54. Kh4 Kg7 55. Re5 Rxf4+ 56. Kxh5 Nf7 57. Rd5 Kf6 58. Rb5 Ne5 59. Rb6+ Kf5 60. Rb8 1/2-1/2

[Event "Reunion op 17th"]
[Site "St Denis"]
[Date "2015.10.10"]
[Round "6"]
[White "Ratsimikatry, Caryl Patrick"]
[Black "Frelicot, Eric"]
[Result "0-1"]
[WhiteElo "1836"]
[BlackElo "1787"]
[PlyCount "62"]
[EventDate "2015.10.10"]
[EventType "swiss"]
[EventRounds "9"]
[EventCountry "RUF"]
[SourceTitle "CBM 168 Extra"]
[Source "ChessBase"]
[SourceDate "2015.10.29"]
[SourceVersion "1"]
[SourceVersionDate "2015.10.29"]
[SourceQuality "1"]

1. e4 c6 2. d4 d5 3. e5 Bf5 4. Nf3 e6 5. Be2 Nd7 6. 0-0 Ne7 7. Nbd2 c5 8. c3 Nc6 9. Nb3 h6 10. Be3 c4 11. Nbd2 g5 12. Ne1 b5 13. b3 Qa5 14. a4 Qxc3 15. axb5 Nxd4 16. Bxd4 Qxd4 17. bxc4 Nxe5 18. Nef3 Nxf3+ 19. Bxf3 Bg7 20. Rc1 Rc8 21. Qa4 0-0 22. Rfd1 dxc4 23. Nxc4 Qf4 24. Bc6 Bg4 25. g3 Bxd1 26. Rxd1 Qb8 27. Na5 Rcd8 28. Rb1 Rd4 29. Qa2 Rfd8 30. Bf3 Rd2 31. Qc4 Qb6 0-1

[Event "Reunion op 16th"]
[Site "St Denis"]
[Date "2014.10.25"]
[Round "9"]
[White "Frelicot, Eric"]
[Black "Rodier, David"]
[Result "0-1"]
[WhiteElo "1841"]
[BlackElo "2136"]
[PlyCount "70"]
[EventDate "2014.10.18"]
[EventType "swiss"]
[EventRounds "9"]
[EventCountry "RUF"]
[SourceTitle "EXT 2015"]
[Source "ChessBase"]
[SourceDate "2014.11.20"]
[SourceVersion "1"]
[SourceVersionDate "2014.11.20"]
[SourceQuality "1"]

1. c4 c5 2. Nc3 Nc6 3. Nf3 Nf6 4. g3 g6 5. Bg2 Bg7 6. 0-0 0-0 7. d3 d5 8. cxd5 Nxd5 9. Nxd5 Qxd5 10. Nd2 Qh5 11. e3 Qxd1 12. Rxd1 Bg4 13. f3 Bf5 14. Nb3 b6 15. f4 Bg4 16. Rd2 Rac8 17. h3 Be6 18. Kf2 a5 19. d4 Bxb3 20. axb3 cxd4 21. Bxc6 dxe3+ 22. Kxe3 Rxc6 23. Rd7 Rfc8 24. Bd2 Bxb2 25. Ra4 Bc3 26. g4 Bxd2+ 27. Kxd2 Rc2+ 28. Ke3 R8c3+ 29. Rd3 Rxd3+ 30. Kxd3 Rh2 31. b4 Rxh3+ 32. Ke4 h5 33. bxa5 bxa5 34. Rxa5 hxg4 35. Rg5 f5+ 0-1

[Event "Reunion op 16th"]
[Site "St Denis"]
[Date "2014.10.22"]
[Round "5"]
[White "Rajaobelina, Hery"]
[Black "Frelicot, Eric"]
[Result "0-1"]
[WhiteElo "1887"]
[BlackElo "1841"]
[PlyCount "54"]
[EventDate "2014.10.18"]
[EventType "swiss"]
[EventRounds "9"]
[EventCountry "RUF"]
[SourceTitle "EXT 2015"]
[Source "ChessBase"]
[SourceDate "2014.11.20"]
[SourceVersion "1"]
[SourceVersionDate "2014.11.20"]
[SourceQuality "1"]

1. e4 c6 2. d4 d5 3. Nc3 dxe4 4. Nxe4 Bf5 5. Ng3 Bg6 6. h4 h6 7. Nf3 Nd7 8. Bd3 Bxd3 9. Qxd3 e6 10. Bf4 Bb4+ 11. c3 Be7 12. Ne4 Ndf6 13. 0-0-0 Nxe4 14. Qxe4 Nf6 15. Qe2 Qd5 16. c4 Qa5 17. Kb1 Qf5+ 18. Rd3 Qxf4 19. Ne5 Qe4 20. Qd1 0-0 21. g4 Rad8 22. f3 Qh7 23. Ka1 Nd7 24. Re3 Nxe5 25. Rxe5 Bf6 26. Re4 g5 27. f4 Qxe4 0-1

[Event "Reunion op 15th"]
[Site "St Denis"]
[Date "2013.10.16"]
[Round "5"]
[White "Ranaivoharisoa, Alain"]
[Black "Frelicot, Eric"]
[Result "1-0"]
[WhiteElo "2159"]
[BlackElo "1837"]
[PlyCount "103"]
[EventDate "2013.10.12"]
[EventType "swiss"]
[EventRounds "9"]
[EventCountry "RUF"]
[SourceTitle "EXT 2014"]
[Source "ChessBase"]
[SourceDate "2013.11.20"]
[SourceVersion "1"]
[SourceVersionDate "2013.11.20"]
[SourceQuality "1"]

1. b3 d5 2. Bb2 Nf6 3. f4 Nc6 4. Nf3 Bg4 5. e3 e6 6. Be2 h6 7. 0-0 Qd7 8. Ne5 Nxe5 9. fxe5 Bxe2 10. Qxe2 Nh7 11. d3 0-0-0 12. Nd2 f5 13. exf6 gxf6 14. e4 Rg8 15. Rac1 Re8 16. Bxf6 Nxf6 17. Rxf6 Bg7 18. Rff1 Bd4+ 19. Kh1 Bc3 20. Rcd1 Qc6 21. Nf3 h5 22. d4 Rgf8 23. Ne5 Qd6 24. Rxf8 Rxf8 25. Qe3 Qb4 26. h4 c5 27. Qh6 Re8 28. Qg6 Re7 29. a3 Qb6 30. Qg5 Qd6 31. dxc5 Qxc5 32. Nf3 Qd6 33. exd5 Rg7 34. Qe3 Ba5 35. Qxe6+ Kc7 36. Qxd6+ Kxd6 37. c4 Bb6 38. b4 Bd8 39. c5+ Kd7 40. Re1 Bf6 41. Re4 Bb2 42. a4 Bc3 43. b5 Rf7 44. Ne5+ Bxe5 45. Rxe5 Rf4 46. d6 Rxh4+ 47. Kg1 Rxa4 48. Re7+ Kc8 49. c6 bxc6 50. bxc6 Ra1+ 51. Kh2 Rd1 52. Re8# 1-0

[Event "Reunion op 15th"]
[Site "St Denis"]
[Date "2013.10.13"]
[Round "2"]
[White "Frelicot, Eric"]
[Black "Deurvillier, Martial"]
[Result "1-0"]
[WhiteElo "1837"]
[BlackElo "1514"]
[PlyCount "113"]
[EventDate "2013.10.12"]
[EventType "swiss"]
[EventRounds "9"]
[EventCountry "RUF"]
[SourceTitle "EXT 2014"]
[Source "ChessBase"]
[SourceDate "2013.11.20"]
[SourceVersion "1"]
[SourceVersionDate "2013.11.20"]
[SourceQuality "1"]

1. c4 e5 2. Nc3 Nf6 3. g3 Be7 4. Bg2 0-0 5. e3 c6 6. Nge2 d6 7. 0-0 Bg4 8. h3 Bh5 9. Qb3 Qb6 10. Qxb6 axb6 11. f4 Bxe2 12. Nxe2 Nbd7 13. d4 Ra7 14. Nc3 exd4 15. exd4 Re8 16. Re1 Bd8 17. Rxe8+ Nxe8 18. Be3 Nef6 19. a3 Ra8 20. Re1 Bc7 21. Bf2 Re8 22. Rxe8+ Nxe8 23. d5 Nb8 24. b4 c5 25. h4 Nd7 26. Bh3 Nef6 27. g4 Nf8 28. g5 N6d7 29. Kg2 f6 30. Be6+ Kh8 31. Kf3 fxg5 32. hxg5 g6 33. Ne4 Kg7 34. Be1 cxb4 35. axb4 h6 36. Bc3+ Kh7 37. gxh6 Kxh6 38. Ng5 Ne5+ 39. fxe5 Kxg5 40. Bd2+ Kh4 41. exd6 Bxd6 42. Bc8 g5 43. Be1+ Kh5 44. Bg4+ Kg6 45. Ke4 Nh7 46. Bf5+ Kg7 47. Bxh7 Kxh7 48. Kf5 Kh6 49. Bd2 Kh5 50. Bxg5 Bxb4 51. Bd8 Bc5 52. Ke6 Kg4 53. d6 Kf4 54. d7 Ke4 55. Bc7 Kd4 56. d8Q+ Kxc4 57. Bxb6 1-0

[Event "Reunion op 15th"]
[Site "St Denis"]
[Date "2013.10.13"]
[Round "3"]
[White "Rodier, David"]
[Black "Frelicot, Eric"]
[Result "1-0"]
[WhiteElo "2136"]
[BlackElo "1837"]
[PlyCount "55"]
[EventDate "2013.10.12"]
[EventType "swiss"]
[EventRounds "9"]
[EventCountry "RUF"]
[SourceTitle "EXT 2014"]
[Source "ChessBase"]
[SourceDate "2013.11.20"]
[SourceVersion "1"]
[SourceVersionDate "2013.11.20"]
[SourceQuality "1"]

1. d4 c6 2. c4 d5 3. Nc3 Nf6 4. Nf3 Bf5 5. cxd5 Nxd5 6. Qb3 Nb6 7. e4 Bg6 8. Be3 e6 9. Ne5 Be7 10. Be2 0-0 11. 0-0-0 N8d7 12. h4 Bxh4 13. Nxg6 hxg6 14. Rh3 Bg5 15. Rdh1 Bh6 16. Bxh6 gxh6 17. Rxh6 Qg5+ 18. Kb1 Nf6 19. R6h2 Rfd8 20. e5 Qf5+ 21. Ka1 Rxd4 22. exf6 Qxf6 23. Bf3 Rad8 24. Ne4 Qe5 25. Qe3 Nc4 26. Rh8+ Qxh8 27. Rxh8+ Kxh8 28. Qh6+ 1-0

[Event "Reunion op 14th"]
[Site "St Denis"]
[Date "2012.10.12"]
[Round "8"]
[White "Denis, Valentin"]
[Black "Frelicot, Eric"]
[Result "0-1"]
[WhiteElo "1498"]
[BlackElo "1827"]
[PlyCount "56"]
[EventDate "2012.10.06"]
[EventType "swiss"]
[EventRounds "9"]
[EventCountry "RUF"]
[SourceTitle "EXT 2013"]
[Source "ChessBase"]
[SourceDate "2012.11.22"]
[SourceVersion "1"]
[SourceVersionDate "2012.11.22"]
[SourceQuality "1"]

1. e4 c6 2. d4 d5 3. exd5 cxd5 4. c4 Nf6 5. Nc3 e6 6. Nf3 Be7 7. Be3 0-0 8. c5 Nc6 9. a3 b6 10. b4 Ne4 11. Nxe4 dxe4 12. Nd2 Nxd4 13. Nxe4 bxc5 14. bxc5 e5 15. g3 Bxc5 16. Bg2 Rb8 17. 0-0 Bb6 18. Qb1 Bf5 19. g4 Ne2+ 20. Kh1 Bxe3 21. Qe1 Bxe4 22. Bxe4 Bd4 23. Qxe2 Bxa1 24. Rxa1 Qf6 25. Qe3 Rb2 26. Qh3 g6 27. f3 Rd8 28. g5 Qxg5 0-1

[Event "Reunion op 14th"]
[Site "St Denis"]
[Date "2012.10.11"]
[Round "7"]
[White "Ramasindraibe, Girard"]
[Black "Frelicot, Eric"]
[Result "1-0"]
[WhiteElo "1982"]
[BlackElo "1827"]
[PlyCount "43"]
[EventDate "2012.10.06"]
[EventType "swiss"]
[EventRounds "9"]
[EventCountry "RUF"]
[SourceTitle "EXT 2013"]
[Source "ChessBase"]
[SourceDate "2012.11.22"]
[SourceVersion "1"]
[SourceVersionDate "2012.11.22"]
[SourceQuality "1"]

1. e4 c6 2. Nc3 d5 3. Qf3 d4 4. Bc4 e6 5. Nce2 c5 6. Qg3 Nc6 7. a3 Nge7 8. f4 Ng6 9. Nf3 Qc7 10. 0-0 h6 11. d3 Bd7 12. Kh1 0-0-0 13. b4 cxb4 14. Nexd4 Nxd4 15. Nxd4 b5 16. Nxb5 Bxb5 17. Bxb5 Qb7 18. Bc4 Bc5 19. axb4 Qxb4 20. Ba3 Qb6 21. Rfb1 Qc7 22. Ba6+ 1-0